| 000 | 00542nam a22001937a 4500 | ||
|---|---|---|---|
| 005 | 20251108173006.0 | ||
| 008 | 250721s2004 xx 000 0 ara d | ||
| 082 | 1 | 4 | _a612.63/عيس |
| 100 | 1 | _aعيسى، جواد كاظم | |
| 245 | 1 | 0 | _aثقافة الحمل والرضاعة / |
| 264 | 1 |
_aعمان : _bمركز الكتاب الأكاديمي، _c2004. |
|
| 300 | _a130 ص. | ||
| 650 | 1 | 7 | _aالحمل |
| 650 | 1 | 7 | _aرعاية الحوامل |
| 650 | 1 | 7 | _aالطب |
| 650 | 1 | 7 | _aالجنين |
| 942 |
_2ddc _cBK |
||
| 999 |
_c93563 _d93563 |
||